The phantom carriage /

The Phantom carriage : The film tells of a drunk (Sjöström) who scoffs at the legend that anybody who dies on the strokes of midnight will be condemned to drive the coach of death for the next year.

Bibliographic Details
Corporate Author: Tartan Video (Firm)
Other Authors: Sjöström, Victor, 1879-1960, Borgström, Hilda, Björk, Anita, Klinga, Elin, Hjulström, Lennart, 1938-, Bergman, Ingmar, 1918-2007, Svennberg, Tore, 1858-1941, Lagerlöf, Selma, 1858-1940, Enquist, Per Olov
Format: Video DVD
Language:Swedish
Language Notes:Both films in Swedish with English subtitles.
Published: [Sweden] : Tartan Video, [2008]
Subjects:

MARC

Tag First Indicator Second Indicator Subfields
LEADER 00000cgm a2200000Ia 4500
001 in00002581613
005 20151201120038.0
007 vd cvaizu
008 100422p19212008sw 207 vlswe d
028 0 2 |a TVD 3751  |b Tartan Video 
035 |a (OCoLC)ocn224045412 
035 |a (OCoLC)224045412 
040 |a MNG  |c MNG  |d TXA  |d UtOrBLW 
043 |a e-sw--- 
049 |a TXAM 
090 |a PN1995.9.F67  |b P58 2008 
245 0 4 |a The phantom carriage /  |c directed by Victor Sjöstrom. The Image makers / written by Per Olov Enquist and directed by Ingmar Bergman. 
246 1 8 |a Victor Sjöströms The Phantom carriage 
246 1 8 |a Ingmar Bergman's The Image makers 
264 1 |a [Sweden] :  |b Tartan Video,  |c [2008] 
264 4 |c ©2008 
300 |a 2 videodiscs (207 min.) :  |b sound, black and white & color ;  |c 4 3/4 in. 
336 |a two-dimensional moving image  |b tdi  |2 rdacontent 
337 |a video  |b v  |2 rdamedia 
338 |a videodisc  |b vd  |2 rdacarrier 
538 |a DVD ; PAL version; region 2. 
511 0 |a The Phantom carriage stars : Victor Sjöstrom, Hilda Borgström, Tore Svennberg ; The Image makers stars : Anita Björk, Elin Klinga, and Lennart Hjulström. 
546 |a Both films in Swedish with English subtitles. 
508 |a The Phantom carriage is directed by Victor Sjöstrom ; and The Image makers is written by Per Olov Enquist and directed by Ingmar Bergman. 
500 |a Videodisc release of the motion pictures produced in Sweden in 1920 (The Phantom carriage) and 2000 (The Image makers). 
500 |a The Phantom carriage is from the novel by Selma Lagerlöf. 
520 |a The Phantom carriage : The film tells of a drunk (Sjöström) who scoffs at the legend that anybody who dies on the strokes of midnight will be condemned to drive the coach of death for the next year. 
520 |a The Image makers : a tribute to his mentor and to the film which inspired him to become a film-maker, Bergman's drama features a mesmerising performance by one of Sweden's greatest theatre actresses, Anita Björk. The drama takes as its principle theme the curse of alcoholic parents upon their offspring, which of course links it directly with The Phantom carriage. 
500 |a Videorecording. 
655 7 |a Foreign films.  |2 local 
655 7 |a Feature films.  |2 lcgft 
655 7 |a Silent films.  |2 lcgft 
700 1 |a Sjöström, Victor,  |d 1879-1960. 
700 1 |a Borgström, Hilda. 
700 1 |a Björk, Anita. 
700 1 |a Klinga, Elin. 
700 1 |a Hjulström, Lennart,  |d 1938- 
700 1 |a Bergman, Ingmar,  |d 1918-2007. 
700 1 |a Svennberg, Tore,  |d 1858-1941. 
700 1 |a Lagerlöf, Selma,  |d 1858-1940.  |t Körkarlen. 
700 1 |a Enquist, Per Olov. 
710 2 |a Tartan Video (Firm) 
740 0 |a Image makers. 
994 |a C0  |b TXA 
948 |a cataloged  |b h  |c 2010/6/22  |d c  |e blrosas  |f 10:04:48 am 
999 |a MARS 
999 f f |s edde2fa5-eb68-31cb-b729-4fe9cfe8a192  |i 37ff9ec0-9e80-385c-8f5b-450df2540642  |t 0 
952 f f |p dvd  |a Texas A&M University  |b College Station  |c Sterling C. Evans Library  |d Evans: Media and Reserves (Annex 1st floor)  |t 0  |e PN1995.9.F67 P58 2008  |h Library of Congress classification  |i video -- videodisc  |m A14839229094 
998 f f |a PN1995.9.F67 P58 2008  |t 0  |l Evans: Media and Reserves (Annex 1st floor)